[Event "Iberoamerican-ch 9th"]
[Site "Panama City"]
[Date "2023.11.26"]
[Round "3"]
[White "Lopez Valladarez, Yankel Abraham"]
[Black "Nunez Giler, Fanny Cecilia"]
[Result "0-1"]
[WhiteElo "1246"]
[BlackElo "1662"]
[PlyCount "84"]
[EventDate "2023.11.25"]
[EventType "swiss"]
[EventRounds "9"]
[EventCountry "PAN"]
[SourceTitle "CB49_2023"]
[SourceDate "2023.12.06"]
[SourceVersion "1"]
[SourceVersionDate "2023.12.06"]
[SourceQuality "1"]

1. e4 c5 2. Nf3 Nc6 3. Bb5 d6 4. Bxc6+ bxc6 5. h3 g6 6. Nc3 Bg7 7. 0-0 e6 8. Re1 Ne7 9. e5 d5 10. d4 cxd4 11. Nxd4 h6 12. Nf3 0-0 13. Bf4 Rb8 14. b3 c5 15. Qd2 Kh7 16. Rad1 Nc6 17. Na4 Qe7 18. c4 d4 19. Qd3 Bd7 20. h4 Nb4 21. Qd2 Bxa4 22. bxa4 Qd7 23. a3 Nc6 24. Qc2 Rb6 25. Rb1 Rfb8 26. h5 Qb7 27. hxg6+ fxg6 28. Nd2 Rb2 29. Rxb2 Qxb2 30. Qxb2 Rxb2 31. Rb1 Rxb1+ 32. Nxb1 Bxe5 33. Bxe5 Nxe5 34. Nd2 Kg7 35. Kf1 Kf7 36. Ke2 Ke7 37. f4 Nd7 38. Ne4 e5 39. Kf3 Ke6 40. g4 exf4 41. Kxf4 g5+ 42. Kf3 Ne5+ 0-1

[Event "ECU Clasif1 U20"]
[Site "Chess.com INT"]
[Date "2020.12.17"]
[Round "7"]
[White "Nunez Giler, Fanny Cecilia"]
[Black "Mendoza Recio, Josselyne"]
[Result "1-0"]
[WhiteElo "1760"]
[BlackElo "1536"]
[PlyCount "99"]
[EventDate "2020.12.17"]
[EventType "swiss"]
[EventRounds "9"]
[EventCountry "ECU"]
[SourceTitle "EXT 2022"]
[Source "ChessBase"]
[SourceDate "2021.10.06"]
[SourceVersion "1"]
[SourceVersionDate "2021.10.06"]
[SourceQuality "1"]

1. e4 e5 2. Nc3 Nf6 3. f4 Nc6 4. Nf3 Bc5 5. fxe5 Ng4 6. d4 Bb4 7. Bg5 f6 8. exf6 Nxf6 9. e5 Qe7 10. Qe2 0-0 11. exf6 Qxe2+ 12. Bxe2 gxf6 13. Bd2 d6 14. 0-0 Bg4 15. Bc4+ Kg7 16. Nh4 Nxd4 17. Ne4 Bxd2 18. Nxd2 Nxc2 19. Rac1 Ne3 20. Rf4 h5 21. h3 Bd7 22. Be2 Kh6 23. Rxc7 Bc6 24. Bd3 Rg8 25. Ne4 Raf8 26. Nf5+ Nxf5 27. Rxf5 Rg6 28. Re7 Rfg8 29. Bf1 Bxe4 30. Rxe4 Rg5 31. Rxg5 Rxg5 32. Re6 Kg6 33. Rxd6 Rb5 34. Bc4 Rxb2 35. Bd3+ Kg5 36. Rd5+ Kh6 37. a4 Rb4 38. Bb5 Rf4 39. Be8 Rb4 40. Rxh5+ Kg7 41. Rb5 Rf4 42. Rxb7+ Kh6 43. Rxa7 Re4 44. a5 Rxe8 45. a6 Kg5 46. Rb7 Kh4 47. a7 Kg3 48. Rb3+ Kf4 49. Rb8 Re1+ 50. Kf2 1-0

[Event "Pan American-ch U20 Girls"]
[Site "Guayaquil"]
[Date "2018.06.21"]
[Round "4"]
[White "Vittal, Sanjana"]
[Black "Nunez Giler, Fanny Cecilia"]
[Result "1-0"]
[WhiteElo "1945"]
[BlackElo "1578"]
[PlyCount "41"]
[EventDate "2018.06.19"]
[EventType "swiss"]
[EventRounds "9"]
[EventCountry "ECU"]
[SourceTitle "EXT 2019"]
[Source "ChessBase"]
[SourceDate "2018.10.10"]
[SourceVersion "1"]
[SourceVersionDate "2018.10.10"]
[SourceQuality "1"]

1. e4 Nf6 2. e5 Nd5 3. d4 d6 4. c4 Nb6 5. exd6 cxd6 6. Nc3 g6 7. Be3 Bg7 8. Nf3 0-0 9. h3 Nc6 10. Be2 Nd7 11. Qd2 Re8 12. Bh6 Bh8 13. h4 e5 14. d5 Ne7 15. h5 Nf5 16. hxg6 hxg6 17. Bg5 Qb6 18. Ne4 Ne7 19. Rxh8+ Kxh8 20. Bf6+ Nxf6 21. Qh6+ 1-0

[Event "South America-ch U20 Girls 13th"]
[Site "Manta"]
[Date "2017.04.26"]
[Round "3"]
[White "Nunez Giler, Fanny Cecilia"]
[Black "Ichimura G Barbosa, Larissa Yuki"]
[Result "1/2-1/2"]
[WhiteElo "1556"]
[BlackElo "1957"]
[PlyCount "39"]
[EventDate "2017.04.25"]
[EventType "swiss"]
[EventRounds "9"]
[EventCountry "ECU"]
[SourceTitle "CBM 178 Extra"]
[Source "ChessBase"]
[SourceDate "2017.06.22"]
[SourceVersion "1"]
[SourceVersionDate "2017.06.22"]
[SourceQuality "1"]

1. e4 e6 2. d4 d5 3. exd5 exd5 4. Bd3 c5 5. dxc5 Bxc5 6. Qf3 Nf6 7. h3 Nc6 8. Ne2 Ne5 9. Bb5+ Bd7 10. Qf5 Bxb5 11. Qxe5+ Qe7 12. Qxe7+ Bxe7 13. Nbc3 Ba6 14. Bg5 h6 15. Be3 0-0 16. 0-0 Rfe8 17. a3 Rac8 18. Rfe1 b6 19. Rad1 Bc5 20. Bd4 1/2-1/2

[Event "Pan American-ch U14 Girls"]
[Site "Cali"]
[Date "2015.07.01"]
[Round "5"]
[White "Nunez Giler, Fanny Cecilia"]
[Black "Pinillo Canon, Silvana"]
[Result "1-0"]
[WhiteElo "1409"]
[BlackElo "1595"]
[PlyCount "45"]
[EventDate "2015.06.28"]
[EventType "swiss"]
[EventRounds "9"]
[EventCountry "COL"]
[SourceTitle "EXT 2016"]
[Source "ChessBase"]
[SourceDate "2015.10.08"]
[SourceVersion "1"]
[SourceVersionDate "2015.10.08"]
[SourceQuality "1"]

1. Nf3 Nf6 2. c4 e6 3. g3 d5 4. Bg2 Be7 5. 0-0 0-0 6. d3 Nbd7 7. Nc3 Re8 8. b3 Nf8 9. Bb2 Ng6 10. Qc2 b6 11. Rac1 Bb7 12. cxd5 exd5 13. Nd1 c5 14. d4 Rc8 15. dxc5 Bxc5 16. Qd3 Qe7 17. Re1 Ba3 18. Rxc8 Rxc8 19. Bd4 Bc5 20. Ne3 Bxd4 21. Nxd4 Qe5 22. Rd1 Rd8 23. Qc2 1-0

[Event "Pan American-ch U14 Girls"]
[Site "Cali"]
[Date "2015.07.01"]
[Round "6"]
[White "Valencia Lopez, Daily Vanessa"]
[Black "Nunez Giler, Fanny Cecilia"]
[Result "1/2-1/2"]
[WhiteElo "1587"]
[BlackElo "1409"]
[PlyCount "64"]
[EventDate "2015.06.28"]
[EventType "swiss"]
[EventRounds "9"]
[EventCountry "COL"]
[SourceTitle "EXT 2016"]
[Source "ChessBase"]
[SourceDate "2015.10.08"]
[SourceVersion "1"]
[SourceVersionDate "2015.10.08"]
[SourceQuality "1"]

1. e4 c5 2. Nf3 Nc6 3. d4 cxd4 4. Nxd4 g6 5. c4 d6 6. Nc3 Nf6 7. f3 Bg7 8. Be3 0-0 9. Qd2 Nd7 10. Be2 a5 11. 0-0 Nde5 12. Rac1 Bd7 13. Rfd1 Rc8 14. b3 Be8 15. Bf1 Nd7 16. Nd5 Nxd4 17. Bxd4 Bxd4+ 18. Qxd4 Nc5 19. e5 Bc6 20. exd6 Qxd6 21. Nc3 Qxd4+ 22. Rxd4 Ne6 23. Rd2 Rfd8 24. Rcd1 Rxd2 25. Rxd2 Rd8 26. Rxd8+ Nxd8 27. Bd3 Kf8 28. Kf2 Ne6 29. Be4 Bxe4 30. Nxe4 Ke8 31. Ke3 Kd7 32. a3 Kc6 1/2-1/2

[Event "Pan American-ch U14 Girls"]
[Site "Cali"]
[Date "2015.06.30"]
[Round "4"]
[White "Nunez Giler, Fanny Cecilia"]
[Black "Kao, Camille Y"]
[Result "1/2-1/2"]
[WhiteElo "1409"]
[BlackElo "1629"]
[PlyCount "21"]
[EventDate "2015.06.28"]
[EventType "swiss"]
[EventRounds "9"]
[EventCountry "COL"]
[SourceTitle "EXT 2016"]
[Source "ChessBase"]
[SourceDate "2015.10.08"]
[SourceVersion "1"]
[SourceVersionDate "2015.10.08"]
[SourceQuality "1"]

1. Nf3 d5 2. c4 c6 3. b3 Nf6 4. Bb2 Bf5 5. e3 e6 6. Be2 Nbd7 7. 0-0 Bd6 8. Nc3 0-0 9. d4 h6 10. Bd3 Be4 11. Be2 1/2-1/2

[Event "Pan American-ch U14 Girls"]
[Site "Cali"]
[Date "2015.06.29"]
[Round "3"]
[White "Gomez Barrera, Javiera Belen"]
[Black "Nunez Giler, Fanny Cecilia"]
[Result "1-0"]
[WhiteElo "1775"]
[BlackElo "1409"]
[PlyCount "61"]
[EventDate "2015.06.28"]
[EventType "swiss"]
[EventRounds "9"]
[EventCountry "COL"]
[SourceTitle "EXT 2016"]
[Source "ChessBase"]
[SourceDate "2015.10.08"]
[SourceVersion "1"]
[SourceVersionDate "2015.10.08"]
[SourceQuality "1"]

1. e4 c5 2. Nf3 Nc6 3. d4 cxd4 4. Nxd4 g6 5. Nc3 Bg7 6. Be3 Nf6 7. Bc4 0-0 8. Bb3 d6 9. f3 Bd7 10. Qd2 a5 11. a3 Ne5 12. 0-0 Qb8 13. a4 Qc8 14. Rae1 Nc4 15. Bxc4 Qxc4 16. g4 Rac8 17. g5 Nh5 18. Nd5 Rfe8 19. Nb6 Qc7 20. Nxc8 Rxc8 21. c3 Bxa4 22. f4 Bc6 23. Nxc6 bxc6 24. Bd4 c5 25. Bxg7 Nxg7 26. f5 Qb6 27. Qf2 Rb8 28. fxg6 fxg6 29. Qf7+ Kh8 30. Qf8+ Rxf8 31. Rxf8# 1-0